Central Library OPAC University of Rajshahi

Strengthening mechanisms in solids : (Record no. 13348)

MARC details
000 -LEADER
fixed length control field 00893cam a2200265u 4500
001 - CONTROL NUMBER
control field 13348
003 - CONTROL NUMBER IDENTIFIER
rucl marc code BD-RjUL
005 - DATE AND TIME OF LATEST TRANSACTION
control field 20211208235436.0
008 - FIXED-LENGTH DATA ELEMENTS--GENERAL INFORMATION
fixed length control field 140130t1962 ohua 001 0 eng
035 ## - SYSTEM CONTROL NUMBER
System control number (BD-RjUL)13399
040 ## - CATALOGING SOURCE
Original cataloging agency DLC
Transcribing agency CarP
Modifying agency DLC
-- BD-RjUL
Language of cataloging eng
041 ## - LANGUAGE CODE
Language code of text/sound track or separate title eng
082 04 - DEWEY DECIMAL CLASSIFICATION NUMBER
Edition number 16
Classification number 620.16
Author mark and year AMS 1962
110 2# - MAIN ENTRY--CORPORATE NAME
Corporate name or jurisdiction name as entry element American Society for Metals. [from old catalog]
9 (RLIN) 41608
245 10 - TITLE STATEMENT
Title Strengthening mechanisms in solids :
Remainder of title papers presented at the seminar of the American Society for Metals /
Statement of responsibility, etc. American Society for Metals. [from old catalog]
260 ## - PUBLICATION, DISTRIBUTION, ETC. (IMPRINT)
Place of publication, distribution, etc. Metals Park, Ohio :
Date of publication, distribution, etc. c1962
Name of publisher, distributor, etc. American society for metals,
300 ## - PHYSICAL DESCRIPTION
Pagination viii, 416 p. :
Illustrations illus., diagrs. ;
Size 24 cm.
504 ## - BIBLIOGRAPHY, ETC. NOTE
Bibliography, etc Includes index.
650 #0 - SUBJECT ADDED ENTRY--TOPICAL TERM
Topical term or geographic name as entry element Metals.
9 (RLIN) 41599
Topical term or geographic name as entry element Alloys.
9 (RLIN) 41600
Topical term or geographic name as entry element Hardness.
9 (RLIN) 41601
942 ## - ADDED ENTRY ELEMENTS (KOHA)
Source of classification or shelving scheme Dewey Decimal Classification
Koha item type Books
Holdings
Lost status Source of classification or shelving scheme Damaged status Not for loan Collection code Permanent Location Current Location Shelving location Date acquired Source of acquisition Cost, normal purchase price Total Checkouts Full call number Date last seen Copy number Koha item type
  Dewey Decimal Classification   Not For Loan Non-fiction Central Library, University of Rajshahi Central Library, University of Rajshahi Reading Room 15/01/1969 Book view ,Dacca. 96.00   620.16 AMS 1962 30/01/2014 C-1 Books